• 首页
  • 本馆介绍
  • 公告通知
  • 最新文献
  • 馆藏检索
  • 电子资源
  • 读者导购
  • 参考咨询
  • 我的图书馆
  • 登录
  • 详细信息显示
  • 放入我的书架
  • 预约/预借图书
  • 作者相关作品
  • 分类相关作品
  • 丛书相关作品
  • 出版社相关作品

书目信息

  • 表格格式
  • 工作单格式
  • 卡片格式
题名:
法庭毒品分析手册
    
 
作者: Smith 编著 ;张绍雨 , 黄增萍 , 黄李彦 译
分册:  
出版信息: 北京   中国人民公安大学出版社  2011.01
页数: 421页
开本: 26cm
丛书名:
单 册:
中图分类: D919.1-62 , R996-62
科图分类:
主题词: 法医毒理学--手册 , 毒品--化学分析--手册 , 法医毒理学 , 毒品 , 化学分析
电子资源:
ISBN: 978-7-5653-0092-9
000 01338nam0 2200361 450
001 010050007714
005 20120628153748.71
010    @a978-7-5653-0092-9@b精装@dCNY148.00
100    @a20110105d2011 em y0chiy0110 ea
101 1  @achi@ceng
102    @aCN@b110000
105    @aak z 001yy
106    @ar
200 1  @a法庭毒品分析手册@9fa ting du pin fen xi shou ce@dHandbook of forensic drug analysis@f(美)Frederick P. Smith编著@g张绍雨,黄增萍,黄李彦译@zeng
210    @a北京@c中国人民公安大学出版社@d2011.01
215    @a421页@c图@d26cm
300    @a本书出版得到国家十一五科技支撑项目课题“毒品消费市场监测技术研究”经费资助(课题任务书编号:2006BAK09B04)
320    @a有索引
330    @a本书内容包括:法庭毒品分析概论、滥用药物测试的免疫技术、大麻的法庭分析方法、致幻剂分析、可卡因的法庭分析方法、阿片类的法庭分析方法等。
510 1  @aHandbook of forensic drug analysis@zeng
606 0  @a法医毒理学@j手册
606 0  @a毒品@x化学分析@j手册
606 0  @a法医毒理学
606 0  @a毒品
606 0  @a化学分析
690    @aD919.1-62@v4
690    @aR996-62@v4
701  1 @c(美)@aSmith@bFrederick P.@4编著
702  0 @a张绍雨@9zhang shao yu@4译
702  0 @a黄增萍@9huang zeng ping@4译
702  0 @a黄李彦@9huang li yan@4译
801  0 @aCN@bRENTIAN@c20110105
905    @b541909-07@dD919.1-62@e449@f2
    
    法庭毒品分析手册=Handbook of forensic drug analysis/(美)Frederick P. Smith编著/张绍雨,黄增萍,黄李彦译.-北京:中国人民公安大学出版社,2011.01
    421页:图;26cm
    本书出版得到国家十一五科技支撑项目课题“毒品消费市场监测技术研究”经费资助(课题任务书编号:2006BAK09B04)
    
    ISBN 978-7-5653-0092-9(精装):CNY148.00
    本书内容包括:法庭毒品分析概论、滥用药物测试的免疫技术、大麻的法庭分析方法、致幻剂分析、可卡因的法庭分析方法、阿片类的法庭分析方法等。
●
相关链接 在E读中查询图书 在五车中查询图书 在当当中查询图书 在豆瓣中查询图书


正题名:法庭毒品分析手册     索取号:D919.1-62/449         预约/预借

序号 登录号 条形码 馆藏地/架位号 状态 备注
1 0541906   205419064   第一样本阅览室/ [索取号:D919.1-62/449] 在馆    
2 541907   205419073   密集书库-海洋学院/ [索取号:D919.1-62/449] 在馆    
唐山师范学院图书馆 欢迎您!
大连网信软件有限公司© 版权所有